000 00468nam a2200157Ia 4500
008 240729s9999 xx 000 0 und d
022 _a2345-4490
245 0 _aPatient Safety and Quality Improvement Journal
260 _aIran, Islamic Republic of
260 _bMashhad University of Medical Sciences
650 _a Medicine (General)
650 _aMedicine
856 _uhttps://doaj.org/toc/54e8980ddcf44bbda552106dea71a90f
942 _2ddc
942 _cDOAJEJ
999 _c65984
_d65984
945 _a1
_bMadushi Gamage
_c1
_dMadushi Gamage